000
00370nam a2200145Ia 4500
008
231129s2000||||xx |||||||||||||| ||spa||
020
_a
958-02-1484-0
040
_b
spa
082
_a
540 P221q
100
_a
Parga Lozano Diana Lineth
245
0
_a
Olimpiadas Quimica
260
_c
2000
264
_a
Voluntad
942
_2
ddc
_c
BKS
999
_c
22086
_d
22086